Walt Disney : (Record no. 2060)

MARC details
000 -LEADER
fixed length control field 01969cam a2200385 i 4500
001 - CONTROL NUMBER
control field 2060
003 - CONTROL NUMBER IDENTIFIER
control field FISKH
005 - DATE AND TIME OF LATEST TRANSACTION
control field 20250827150429.0
008 - FIXED-LENGTH DATA ELEMENTS--GENERAL INFORMATION
fixed length control field 130213s2014 nyua j b 001 0beng
010 ## - LIBRARY OF CONGRESS CONTROL NUMBER
LC control number 2013005794
020 ## - INTERNATIONAL STANDARD BOOK NUMBER
International Standard Book Number 9780531247808 (library binding)
020 ## - INTERNATIONAL STANDARD BOOK NUMBER
International Standard Book Number 9780531284667
020 ## - INTERNATIONAL STANDARD BOOK NUMBER
International Standard Book Number 9780531284667 (pbk.)
040 ## - CATALOGING SOURCE
Original cataloging agency DLC
Language of cataloging eng
Transcribing agency DLC
Description conventions rda
Modifying agency DLC
042 ## - AUTHENTICATION CODE
Authentication code pcc
043 ## - GEOGRAPHIC AREA CODE
Geographic area code n-us---
050 00 - LIBRARY OF CONGRESS CALL NUMBER
Classification number NC1766.U52
Item number D55428 2014
082 00 - DEWEY DECIMAL CLASSIFICATION NUMBER
Classification number 791.43092
-- B
Edition number 23
100 1# - MAIN ENTRY--PERSONAL NAME
Personal name Orr, Tamra.
245 10 - TITLE STATEMENT
Title Walt Disney :
Remainder of title the man behind the magic /
Statement of responsibility, etc. Tamra B. Orr.
264 #1 - PRODUCTION, PUBLICATION, DISTRIBUTION, MANUFACTURE, AND COPYRIGHT NOTICE
Place of production, publication, distribution, manufacture New York :
Name of producer, publisher, distributor, manufacturer Scholastic,
Date of production, publication, distribution, manufacture, or copyright notice 2014.
300 ## - PHYSICAL DESCRIPTION
Extent 48 pages :
Other physical details color illustrations ;
Dimensions 22 cm
336 ## - CONTENT TYPE
Content type term text
Source rdacontent
337 ## - MEDIA TYPE
Media type term unmediated
Source rdamedia
338 ## - CARRIER TYPE
Carrier type term volume
Source rdacarrier
490 0# - SERIES STATEMENT
Series statement A true book
505 ## - FORMATTED CONTENTS NOTE
Formatted contents note S<br/>
520 ## - SUMMARY, ETC.
Summary, etc. Explore important business concepts and take a look at the lives of some of the most important entrepreneurs in history. Fascinating text details the life stories and accomplishments of world-changing business leaders. Readers are also provided with the knowledge they need to understand the basics of the economy and start businesses of their own. Clear text illustrates important business principles and provides readers with the information they need to one day become entrepreneurs Sidebars and timelines provide context for some of history's most incredible business achievements Glossaries clarify important words used in each book Photos and illustrations bring history to life and provide reference points for difficult concepts Additional content for further learning on this subject available at www.factsfornow.scholastic.com.
521 8# - TARGET AUDIENCE NOTE
Target audience note 790<br/>
Source Lexile <br/>
521 8# - TARGET AUDIENCE NOTE
Target audience note S<br/>
Source Raz-Plus<br/>
600 10 - SUBJECT ADDED ENTRY--PERSONAL NAME
Personal name Disney, Walt,
Dates associated with a name 1901-1966
Form subdivision Juvenile literature.
650 #0 - SUBJECT ADDED ENTRY--TOPICAL TERM
Topical term or geographic name entry element Animators
Geographic subdivision United States
Form subdivision Biography
-- Juvenile literature.
906 ## - LOCAL DATA ELEMENT F, LDF (RLIN)
a 7
b cbc
c orignew
d 1
e ecip
f 20
g y-gencatlg
942 ## - ADDED ENTRY ELEMENTS (KOHA)
Source of classification or shelving scheme Dewey Decimal Classification
Koha item type Books
Suppress in OPAC No
Holdings
Withdrawn status Lost status Source of classification or shelving scheme Damaged status Not for loan Collection Home library Current library Shelving location Date acquired Total Checkouts Full call number Barcode Date due Date last seen Date last checked out Copy number Price effective from Koha item type
    Dewey Decimal Classification     Non-Fiction Footprints International School Library Network Toul Kork Campus Footprints International School Library Network Toul Kork Campus   11/03/2023 1 ORR 791.43092 NC1766.U52 FISTK01605 04/14/2026 03/31/2026 03/31/2026 1 11/03/2023 Books
    Dewey Decimal Classification     Non-Fiction Footprints International School Library Network Toul Tom Poung Campus Footprints International School Library Network Toul Tom Poung Campus TTP Secondary Non-Fiction Bookshelves 11/03/2023   ORR 791.43092 NC1766.U52 FIS04578   11/29/2024   2 11/03/2023 Books
    Dewey Decimal Classification     Non-Fiction Footprints International School Library Network Toul Tom Poung Campus Footprints International School Library Network Toul Tom Poung Campus TTP Secondary Non-Fiction Bookshelves 08/27/2025   ORR 791.43092 NC1766.U52 FISBK05961   08/27/2025   3 08/27/2025 Books